00277nam a2200121Ia 4500008004100000100001700041245002900058260002300087300001000110650001300120942000700133999001500140190216s9999||||xx |||||||||||||| ||und|| aVarshini P N 0aBanking Law And Practice bS Chand & Coc1990 a1032p aCommerce cBK c5038d5038